000 00660nam a2200169 a 4500
001 000039485
005 20201002031656.0
008 130702s1994 dr 000 0 spa d
020 _a84895360704
040 _aDO-SdBNP
_bspa
_cBNPHU
100 1 _aMedina M., Víctor L.
_965669
245 1 3 _aEl gasto público en agua potable y alcantarillado en la República Dominicana /
_cVíctor L. Medina.
260 _aSanto Domingo :
_bCentro de Ivestigación Económica para el Caribe
_bFondo de las Naciones Unidas para la Infancia (INICEF),
_c1994.
300 _a44 P. ;
_c22 cm.
490 1 _aEnsayos de Economía
_vno. 6
830 0 _aEnsayos de Economía
_nno. 6
_965670
999 _c38975
_d38975